000 00395pab a2200145 454500
008 180718b1985 xxu||||| |||| 00| 0 eng d
100 _aSrivastava, Mohan Prasad
245 _aPublic undertaking. An important tool of socio - economic structure in India
260 _c1985
300 _a59-65
362 _aMay
650 _aGovernment Enterprise - India
773 _aLok Udyog
909 _a9297
999 _c9297
_d9297